Fast Math - Square that Number! - Statistics

General Stats
  • This quiz has been taken 6,883 times
  • The average score is 13 of 20
Answer Stats
Problem Solution % Correct
5 x 5 25
95%
10 x 10 100
94%
4 x 4 16
94%
2 x 2 4
94%
9 x 9 81
94%
1 x 1 1
93%
6 x 6 36
93%
7 x 7 49
93%
3 x 3 9
93%
8 x 8 64
92%
11 x 11 121
91%
12 x 12 144
91%
20 x 20 400
91%
40 x 40 1600
89%
50 x 50 2500
89%
30 x 30 900
89%
13 x 13 169
84%
15 x 15 225
80%
14 x 14 196
76%
16 x 16 256
73%
21 x 21 441
72%
25 x 25 625
72%
22 x 22 484
67%
31 x 31 961
62%
19 x 19 361
61%
18 x 18 324
60%
17 x 17 289
59%
24 x 24 576
58%
23 x 23 529
56%
32 x 32 1024
54%
41 x 41 1681
54%
33 x 33 1089
51%
45 x 45 2025
50%
35 x 35 1225
48%
26 x 26 676
47%
29 x 29 841
46%
42 x 42 1764
45%
39 x 39 1521
44%
49 x 49 2401
43%
27 x 27 729
41%
28 x 28 784
41%
43 x 43 1849
40%
44 x 44 1936
40%
34 x 34 1156
37%
36 x 36 1296
37%
46 x 46 2116
35%
48 x 48 2304
35%
37 x 37 1369
33%
38 x 38 1444
33%
47 x 47 2209
31%
No matching quizzes found
Score Distribution
Percent of People with Each Score
Percentile by Number Answered
Your Score History
You have not taken this quiz